[Event "Airthings Masters - Torneo Preliminare"]
[Site "Internet"]
[Date "03.02.2023"]
[Round "7"]
[White "Raja, Harshit"]
[Black "Indjic, Aleksandar"]
[Result "0-1"]
[WhiteTitle ""]
[BlackTitle ""]
[WhiteElo "2465"]
[BlackElo "2641"]
[WhiteFideId "5089000"]
[BlackFideId "911925"]
[EventDate "2023.02.03"]

1. e4 c5 2. Nf3 d6 3. d4 cxd4 4. Nxd4 Nf6 5. Nc3 a6 6. Bg5 e6 7. Qe2 h6 8. Bd2
Nc6 9. Nxc6 bxc6 10. e5 Nd5 11. exd6 Bxd6 12. g3 Rb8 13. b3 Qf6 14. Qc4 Bb4 15.
Nxd5 cxd5 16. Qc7 Qxa1+ 17. Ke2 Bxd2 18. Qxb8 Qe1+ 0-1

[Event "Airthings Masters - Torneo Preliminare"]
[Site "Internet"]
[Date "03.02.2023"]
[Round "7"]
[White "Sarana, Alexey"]
[Black "Mitrabha, Guha"]
[Result "1-0"]
[WhiteTitle ""]
[BlackTitle ""]
[WhiteElo "2668"]
[BlackElo "2510"]
[WhiteFideId "24133795"]
[BlackFideId "5057000"]
[EventDate "2023.02.03"]

1. d4 Nf6 2. c4 e6 3. Nc3 Bb4 4. e3 O-O 5. Bd3 d6 6. Ne2 e5 7. a3 Bxc3+ 8. Nxc3
Re8 9. O-O e4 10. Bc2 Nc6 11. f3 Bf5 12. Bd2 Bg6 13. fxe4 Nxe4 14. Nxe4 Bxe4 15.
Bxe4 Rxe4 16. Rxf7 d5 17. Qf3 Qd6 18. Rf1 Rae8 19. cxd5 Nd8 20. Bb4 Rxe3 21.
Rf8+ 1-0

[Event "Airthings Masters - Torneo Preliminare"]
[Site "Internet"]
[Date "03.02.2023"]
[Round "7"]
[White "Jonkman, Harmen"]
[Black "Tristan, Leonardo"]
[Result "0-1"]
[WhiteTitle ""]
[BlackTitle ""]
[WhiteElo "2328"]
[BlackElo "2545"]
[WhiteFideId "1002708"]
[BlackFideId "113816"]
[EventDate "2023.02.03"]

1. e4 e5 2. f4 exf4 3. Nf3 Nf6 4. e5 Nh5 5. Qe2 Be7 6. Nc3 O-O 7. Nd5 d6 8.
Nxe7+ Qxe7 9. exd6 Qxd6 10. Qb5 Nf6 11. d4 Re8+ 12. Be2 b6 13. Qd3 Ba6 14. c4
Qb4+ 15. Nd2 Re3 16. Qc2 Nc6 17. a3 0-1

[Event "Airthings Masters - Torneo Preliminare"]
[Site "Internet"]
[Date "03.02.2023"]
[Round "7"]
[White "Gascon Del Nogal, Jose Rafael"]
[Black "Narayanan, S.L."]
[Result "0-1"]
[WhiteTitle ""]
[BlackTitle ""]
[WhiteElo "2460"]
[BlackElo "2669"]
[WhiteFideId "3902463"]
[BlackFideId "5058422"]
[EventDate "2023.02.03"]

1. e4 c6 2. d4 d5 3. exd5 cxd5 4. Bd3 Nc6 5. c3 Qc7 6. Ne2 e6 7. Bf4 Bd6 8. Bxd6
Qxd6 9. Nd2 Nge7 10. f4 Bd7 11. O-O f6 12. Nf3 h6 13. Ng3 O-O-O 14. Qd2 g5 15.
Nh5 Rdf8 16. Rae1 Rhg8 17. fxg5 hxg5 18. Qe2 Rh8 19. Nd2 f5 20. g3 Rh6 21. g4
Rfh8 22. h3 Be8 23. Nf3 Bxh5 24. gxh5 Rxh5 25. Qxe6+ Qxe6 26. Rxe6 Rxh3 27. Bb5
f4 28. Bxc6 Nxc6 29. Rg6 Rg3+ 30. Kf2 g4 31. Ng5 Rh2+ 32. Ke1 Rxb2 33. Rg8+ Kc7
34. Ne6+ Kb6 35. Nxf4 Rb1+ 36. Ke2 Rb2+ 37. Ke1 Ne7 38. Re8 Rxc3 39. Kd1 Rb1+
40. Kd2 Rxf1 41. Kxc3 Rxf4 42. Rxe7 Rf3+ 43. Kb4 a5+ 44. Ka4 Ka6 45. Re6+ b6 46.
a3 Rf4 0-1

[Event "Airthings Masters - Torneo Preliminare"]
[Site "Internet"]
[Date "03.02.2023"]
[Round "7"]
[White "Nguyen, Ngoc Truong Son"]
[Black "Guliyev, Namig"]
[Result "1-0"]
[WhiteTitle ""]
[BlackTitle ""]
[WhiteElo "2645"]
[BlackElo "2528"]
[WhiteFideId "12401110"]
[BlackFideId "13400363"]
[EventDate "2023.02.03"]

1. d4 d5 2. Nf3 Nf6 3. c4 dxc4 4. e3 a6 5. Bxc4 e6 6. O-O Nbd7 7. a3 Bd6 8. b4
Qe7 9. Bb2 e5 10. dxe5 Nxe5 11. Nxe5 Bxe5 12. Bxe5 Qxe5 13. Nd2 O-O 14. Nf3 Qe7
15. Qc2 Bg4 16. Nd4 Rad8 17. Rac1 c6 18. Bb3 Rd6 19. h3 Bc8 20. Rfd1 Rfd8 21.
Nf3 Be6 22. Rxd6 Qxd6 23. Rd1 Qxd1+ 24. Qxd1 Rxd1+ 25. Bxd1 Ne4 26. Bc2 Bd5 27.
Nd4 b6 28. Bxe4 Bxe4 29. f3 Bd5 30. e4 Bc4 31. Nxc6 Kf8 32. h4 f6 33. Kf2 h5 34.
g3 Ke8 35. Ke3 Kd7 36. Nd4 g6 37. Ne2 Kc6 38. Nc3 a5 39. Kd4 Be6 40. Nd5 axb4
41. axb4 f5 42. Ne7+ Kb5 43. Nxg6 fxe4 44. fxe4 Kxb4 45. Nf4 Bf7 46. e5 b5 47.
e6 Be8 48. g4 Ka3 49. gxh5 b4 50. h6 b3 51. Nd3 Bg6 52. e7 Bxd3 53. e8=Q b2 54.
Qe3 b1=Q 55. Qxd3+ Qxd3+ 56. Kxd3 1-0

[Event "Airthings Masters - Torneo Preliminare"]
[Site "Internet"]
[Date "03.02.2023"]
[Round "7"]
[White "Predke, Alexandr"]
[Black "Demidov, Mikhail"]
[Result "1/2-1/2"]
[WhiteTitle ""]
[BlackTitle ""]
[WhiteElo "2684"]
[BlackElo "2575"]
[WhiteFideId "24107581"]
[BlackFideId "4197143"]
[EventDate "2023.02.03"]

1. e4 Nf6 2. e5 Nd5 3. Nc3 c6 4. Nf3 d6 5. exd6 Nxc3 6. dxc3 Qxd6 7. Qxd6 exd6
8. Bf4 d5 9. O-O-O Bc5 10. Re1+ Be6 11. Nd4 O-O 12. Bg3 Nd7 13. Bd3 Rfe8 14.
Nxe6 Rxe6 15. Bf5 Rxe1+ 16. Rxe1 Nf6 17. b4 Bf8 18. Kb2 g6 19. Bd3 Re8 20. Rxe8
Nxe8 21. Kb3 b5 22. Bb8 a6 23. g3 Bd6 24. Ba7 f5 25. Bd4 Kf7 26. a4 Ke6 27. axb5
axb5 28. Kb2 Nf6 29. Bxf6 1/2-1/2

[Event "Airthings Masters - Torneo Preliminare"]
[Site "Internet"]
[Date "03.02.2023"]
[Round "7"]
[White "Haub, Thorsten Michael"]
[Black "Arjun, Kalyan"]
[Result "0-1"]
[WhiteTitle ""]
[BlackTitle ""]
[WhiteElo "2414"]
[BlackElo "2516"]
[WhiteFideId "4610776"]
[BlackFideId "35018701"]
[EventDate "2023.02.03"]

1. Nf3 d5 2. g3 Bg4 3. Bg2 c6 4. d3 Nd7 5. O-O e5 6. e4 Ngf6 7. Nbd2 Be7 8. Qe1
dxe4 9. Nxe4 O-O 10. a4 Nd5 11. Bd2 a5 12. Nc3 Nb4 13. Qc1 h6 14. Re1 Bd6 15.
Ne4 Bc7 16. Bc3 f5 17. Ned2 Re8 18. Nc4 Bxf3 19. Bxf3 Nd5 20. Bd2 N7f6 21. Ne3
f4 22. Nxd5 cxd5 23. c4 e4 24. Bg2 e3 25. fxe3 fxg3 26. cxd5 gxh2+ 27. Kh1 Nh5
28. Qc2 Ng3+ 29. Kxh2 Ne2+ 0-1

[Event "Airthings Masters - Torneo Preliminare"]
[Site "Internet"]
[Date "03.02.2023"]
[Round "7"]
[White "Hakobyan, Aram"]
[Black "Maghsoodloo, Parham"]
[Result "1/2-1/2"]
[WhiteTitle ""]
[BlackTitle ""]
[WhiteElo "2620"]
[BlackElo "2728"]
[WhiteFideId "13306677"]
[BlackFideId "12539929"]
[EventDate "2023.02.03"]

1. d4 Nf6 2. c4 e6 3. Nc3 Bb4 4. e3 O-O 5. a3 Bxc3+ 6. bxc3 c5 7. Ne2 Nc6 8. Ng3
d6 9. Ra2 e5 10. d5 Na5 11. e4 Nd7 12. Bd3 Re8 13. O-O Nf8 14. f4 exf4 15. Bxf4
Ng6 16. Raf2 Nxf4 17. Rxf4 f6 18. Nh5 Re5 19. Nxf6+ gxf6 20. Rxf6 Bd7 21. Qf3
Ba4 22. Rf7 Kh8 23. Qh3 Qg8 24. Qh6 Rg5 25. e5 Rxg2+ 26. Kh1 Rg1+ 27. Rxg1 Qxf7
28. Bxh7 Qf3+ 29. Rg2 Qf1+ 30. Rg1 Qf3+ 31. Rg2 Qf1+ 32. Rg1 Qf3+ 1/2-1/2

[Event "Airthings Masters - Torneo Preliminare"]
[Site "Internet"]
[Date "03.02.2023"]
[Round "7"]
[White "Yakubboev, Nodirbek"]
[Black "Yu, Yangyi"]
[Result "1-0"]
[WhiteTitle ""]
[BlackTitle ""]
[WhiteElo "2630"]
[BlackElo "2729"]
[WhiteFideId "14203987"]
[BlackFideId "8603820"]
[EventDate "2023.02.03"]

1. c4 Nf6 2. Nc3 e5 3. Nf3 Nc6 4. e4 Bb4 5. d3 d6 6. a3 Bxc3+ 7. bxc3 h6 8. g3
Be6 9. Bg2 Qd7 10. Nh4 O-O 11. f4 exf4 12. gxf4 Qe7 13. O-O Nxe4 14. Bxe4 Qxh4
15. f5 Bd7 16. Ra2 Ne5 17. Rg2 Bc6 18. Bxc6 bxc6 19. f6 g6 20. Rf4 Qh3 21. Rg3
Qe6 22. Qh5 Ng4 23. Rgxg4 Kh7 24. Rxg6 fxg6 25. Qxh6+ 1-0

[Event "Airthings Masters - Torneo Preliminare"]
[Site "Internet"]
[Date "03.02.2023"]
[Round "7"]
[White "Antipov, Mikhail Al."]
[Black "Bortnyk, Olexandr"]
[Result "1-0"]
[WhiteTitle ""]
[BlackTitle ""]
[WhiteElo "2581"]
[BlackElo "2605"]
[WhiteFideId "4107012"]
[BlackFideId "14120828"]
[EventDate "2023.02.03"]

1. e4 Nf6 2. e5 Nd5 3. d4 d6 4. Nf3 dxe5 5. Nxe5 c6 6. Be2 Bf5 7. O-O Nd7 8. Nf3
e6 9. c4 N5f6 10. Nc3 Bd6 11. Nh4 Bg6 12. g3 O-O 13. Re1 e5 14. Nxg6 hxg6 15.
Bg5 exd4 16. Qxd4 Be5 17. Qh4 Bxc3 18. bxc3 Qa5 19. Rab1 Rfe8 20. Bf1 Rxe1 21.
Rxe1 Qxc3 22. Re7 Ne5 23. Bxf6 Nf3+ 24. Kh1 Qc1 25. Qh3 gxf6 26. Kg2 Rd8 27.
Kxf3 f5 28. Kg2 Kg7 29. Qh4 Qd2 30. Rxb7 Re8 31. Qf4 Qxa2 32. Qd4+ Kg8 33. Rxa7
Qc2 34. Qf6 Qe4+ 35. Kg1 Rf8 36. Rc7 f4 37. gxf4 Qf3 38. h3 c5 39. Rxc5 Qa3 40.
Rc7 Qa5 41. Re7 Qc5 42. Rd7 Qa3 43. Rd8 Rxd8 44. Qxd8+ Kg7 45. Qd4+ Kh7 46. c5
Qf3 47. Bg2 Qa3 48. c6 g5 49. fxg5 Qc1+ 50. Kh2 Qxg5 51. c7 Qe7 52. Qe4+ 1-0

[Event "Airthings Masters - Torneo Preliminare"]
[Site "Internet"]
[Date "03.02.2023"]
[Round "7"]
[White "Dreev, Aleksey"]
[Black "Le, Tuan Minh"]
[Result "1-0"]
[WhiteTitle ""]
[BlackTitle ""]
[WhiteElo "2606"]
[BlackElo "2542"]
[WhiteFideId "4100107"]
[BlackFideId "12401153"]
[EventDate "2023.02.03"]

1. d4 d5 2. c4 c6 3. cxd5 cxd5 4. Bg5 h6 5. Bh4 Qb6 6. Qd2 e6 7. e3 Ne7 8. Bd3
Bd7 9. Nc3 Nc8 10. Nf3 Nc6 11. O-O Be7 12. Bxe7 N8xe7 13. Rfc1 Qd8 14. a3 O-O
15. b4 Nc8 16. Ne5 Nxe5 17. dxe5 f6 18. exf6 Qxf6 19. Rf1 Nd6 20. Rac1 Rac8 21.
h3 a6 22. e4 d4 23. Ne2 Rxc1 24. Qxc1 Bb5 25. Bxb5 Nxb5 26. Qc4 Qe5 27. a4 Nc3
28. Nxc3 dxc3 29. Rc1 Rd8 30. g3 Rc8 31. Qxc8+ 1-0

[Event "Airthings Masters - Torneo Preliminare"]
[Site "Internet"]
[Date "03.02.2023"]
[Round "7"]
[White "Darini, Pouria"]
[Black "Radjabov, Teimour"]
[Result "0-1"]
[WhiteTitle ""]
[BlackTitle ""]
[WhiteElo "2405"]
[BlackElo "2747"]
[WhiteFideId "12502200"]
[BlackFideId "13400924"]
[EventDate "2023.02.03"]

1. e4 c5 2. Nc3 Nc6 3. Bb5 e5 4. Bxc6 dxc6 5. d3 Ne7 6. f4 exf4 7. Bxf4 Ng6 8.
Bg3 Be7 9. Nf3 O-O 10. O-O c4 11. d4 Qb6 12. Rb1 Bg4 13. Bf2 f5 14. e5 Qa6 15.
Be3 Rad8 16. Qe1 f4 17. Bf2 b5 18. a3 Qc8 19. Ne4 Qf5 20. c3 a6 21. Kh1 h6 22.
Bg1 Qh5 23. Ned2 Bf5 24. Ne4 Nh4 25. Qe2 Nxg2 26. Qxg2 Bxe4 27. Rbe1 Bd5 28. h3
Rf5 0-1

[Event "Airthings Masters - Torneo Preliminare"]
[Site "Internet"]
[Date "03.02.2023"]
[Round "7"]
[White "Iniyan, P"]
[Black "Vasquez Schroeder, Rodrigo"]
[Result "1-0"]
[WhiteTitle ""]
[BlackTitle ""]
[WhiteElo "2514"]
[BlackElo "2513"]
[WhiteFideId "25002767"]
[BlackFideId "3400042"]
[EventDate "2023.02.03"]

1. d4 Nf6 2. c4 e6 3. Nf3 Bb4+ 4. Nbd2 O-O 5. a3 Be7 6. g3 b6 7. Bg2 Bb7 8. O-O
c5 9. b3 cxd4 10. Bb2 d6 11. Nxd4 Bxg2 12. Kxg2 Qc7 13. f3 a6 14. Rc1 Nbd7 15.
b4 Qb7 16. b5 axb5 17. cxb5 d5 18. a4 Nc5 19. Ra1 Rfc8 20. Nc6 Bf8 21. Bxf6 gxf6
22. e4 Qd7 23. exd5 Qxd5 24. Ne4 Qxd1 25. Rfxd1 Rxa4 26. Rxa4 Nxa4 27. Nxf6+ Kg7
28. Ne4 Rc7 29. Rd8 Nc5 30. Nxc5 Bxc5 31. f4 f6 32. Kf3 Kf7 33. g4 Kg6 34. Ke4
h5 35. f5+ exf5+ 36. gxf5+ Kf7 37. Ra8 Rd7 38. Ra7 Ke8 39. Rxd7 Kxd7 40. Kd5 Bg1
41. h3 Bc5 42. Nb8+ Kc8 43. Na6 Bf2 44. Ke6 Bd4 45. Nb4 h4 46. Nd5 Kb7 47. Nxf6
Kc7 48. Nd7 Kd8 49. f6 Bc3 50. f7 Bg7 51. f8=Q+ Bxf8 52. Nxf8 1-0

[Event "Airthings Masters - Torneo Preliminare"]
[Site "Internet"]
[Date "03.02.2023"]
[Round "7"]
[White "Malakhov, Vladimir"]
[Black "Fier, Alexandr"]
[Result "1-0"]
[WhiteTitle ""]
[BlackTitle ""]
[WhiteElo "2650"]
[BlackElo "2606"]
[WhiteFideId "4120787"]
[BlackFideId "2107139"]
[EventDate "2023.02.03"]

1. e4 c5 2. Nf3 Nc6 3. Bb5 g6 4. Bxc6 bxc6 5. O-O Bg7 6. Re1 d6 7. c3 e5 8. d4
cxd4 9. cxd4 exd4 10. Nxd4 Ne7 11. Nc3 O-O 12. Bf4 a5 13. Qd2 Ra6 14. Bh6 c5 15.
Bxg7 Kxg7 16. Nde2 Be6 17. Rad1 Qb8 18. Nf4 Rb6 19. b3 Re8 20. Na4 Ra6 21. e5
Nf5 22. exd6 Rxd6 23. Nxe6+ Rexe6 24. Qxa5 Rxe1+ 25. Rxe1 Qb4 26. Qxb4 cxb4 27.
g3 Rd2 28. Nc5 Rxa2 29. Re4 Rc2 30. Nb7 Rd2 31. Rxb4 Nd4 32. Kg2 g5 33. Nd6 Nxb3
34. Ne8+ Kf8 35. Nf6 Kg7 36. Ne4 Rd4 37. Rxd4 Nxd4 38. Nxg5 Kg6 39. Nf3 Ne6 40.
Kf1 Kf5 41. Ke2 f6 42. Ke3 Nc7 43. h3 h5 44. Kd4 Nb5+ 45. Kc4 Nd6+ 46. Kd5 Nf7
47. Nh4+ Kg5 48. f4+ Kh6 49. Ke6 Kg7 50. Nf5+ Kg6 51. Ke7 Nh8 52. Nd6 f5 53. h4 1-0

[Event "Airthings Masters - Torneo Preliminare"]
[Site "Internet"]
[Date "03.02.2023"]
[Round "7"]
[White "Tang, Andrew"]
[Black "Chigaev, Maksim"]
[Result "0-1"]
[WhiteTitle ""]
[BlackTitle ""]
[WhiteElo "2522"]
[BlackElo "2632"]
[WhiteFideId "2059630"]
[BlackFideId "4108116"]
[EventDate "2023.02.03"]

1. d4 Nf6 2. c4 g6 3. f3 Bg7 4. e4 O-O 5. Nc3 d6 6. Nge2 a6 7. Be3 b5 8. Ng3 b4
9. Na4 Nbd7 10. Be2 h5 11. O-O e5 12. d5 h4 13. Nh1 Nh5 14. Nf2 Nf4 15. g3 Qg5
16. Bxf4 exf4 17. Nh3 Qh6 18. Nxf4 Be5 19. Qd2 Nf6 20. Rad1 hxg3 21. hxg3 g5 22.
Nd3 Bxg3 23. Rf2 Bxf2+ 24. Nxf2 Nh5 25. Nd3 Bd7 26. b3 Bxa4 27. bxa4 Nf4 28. Nf2
Qh4 29. Kf1 Qg3 30. Qe3 Rae8 31. Rc1 f5 32. c5 fxe4 33. Nxe4 Qh3+ 34. Kf2 Qh2+
35. Kf1 Rxe4 36. Qxe4 Qh1+ 0-1

[Event "Airthings Masters - Torneo Preliminare"]
[Site "Internet"]
[Date "03.02.2023"]
[Round "7"]
[White "Mikaelyan, Arman"]
[Black "Paravyan, David"]
[Result "0-1"]
[WhiteTitle ""]
[BlackTitle ""]
[WhiteElo "2496"]
[BlackElo "2586"]
[WhiteFideId "13304852"]
[BlackFideId "4194985"]
[EventDate "2023.02.03"]

1. d4 Nf6 2. c4 g6 3. Nc3 d5 4. cxd5 Nxd5 5. e4 Nxc3 6. bxc3 Bg7 7. Nf3 c5 8.
Bb5+ Nc6 9. O-O O-O 10. Bxc6 bxc6 11. Be3 Bg4 12. Rc1 Qa5 13. Qc2 f5 14. Nd2 f4
15. Nb3 Qd8 16. Bd2 f3 17. Nxc5 fxg2 18. Rfe1 e5 19. Be3 Qh4 20. Rb1 Rf3 21. Rb7
Raf8 22. Qb3+ Kh8 23. Rxg7 Kxg7 24. Nd3 Rh3 25. Qb7+ Kg8 26. Qb3+ Kh8 27. Qb4
Re8 0-1

[Event "Airthings Masters - Torneo Preliminare"]
[Site "Internet"]
[Date "03.02.2023"]
[Round "7"]
[White "Gledura, Benjamin"]
[Black "Kovalenko, Igor"]
[Result "1-0"]
[WhiteTitle ""]
[BlackTitle ""]
[WhiteElo "2633"]
[BlackElo "2674"]
[WhiteFideId "712779"]
[BlackFideId "14117908"]
[EventDate "2023.02.03"]

1. d4 Nf6 2. c4 e6 3. Nc3 Bb4 4. e3 b6 5. Ne2 Ba6 6. Ng3 c5 7. d5 exd5 8. cxd5
Bxf1 9. Kxf1 O-O 10. e4 d6 11. h4 Re8 12. Bg5 Bxc3 13. bxc3 Nbd7 14. f3 b5 15.
Nf5 Qb6 16. Qd2 a5 17. Bxf6 Nxf6 18. Qg5 Nh5 19. Qxh5 g6 20. Qg5 f6 21. Qxf6
gxf5 22. Rh3 f4 23. Qxf4 Rf8 24. Rg3+ Kh8 25. Qd2 Rf6 26. Re1 Re8 27. Qg5 Rg6
28. Qh5 Re5 29. Rg5 Rexg5 30. hxg5 b4 31. e5 dxe5 32. Rxe5 Qb5+ 33. Kg1 Qd7 34.
cxb4 axb4 35. Qh4 h6 36. gxh6 Qf7 37. Qe4 Qf6 38. Kf2 Kh7 39. Re7+ Kxh6 40. Qe3+
Qg5 41. Qxg5+ Rxg5 42. d6 Rd5 43. d7 c4 44. Re4 c3 45. Rxb4 Rxd7 46. Rc4 Rd2+
47. Kg3 Rxa2 48. Rxc3 Kg5 49. Rc5+ Kf6 50. f4 Kg6 51. Kf3 Kh6 52. g3 Ra6 53. Kg4
Rg6+ 54. Kh4 Ra6 55. g4 Kg6 56. f5+ Kf7 57. g5 Ra1 58. Rc7+ Kf8 59. Kh5 Kg8 60.
Kg6 Ra8 61. f6 Kh8 62. Rh7+ Kg8 63. f7+ 1-0

[Event "Airthings Masters - Torneo Preliminare"]
[Site "Internet"]
[Date "03.02.2023"]
[Round "7"]
[White "Pranav, Anand"]
[Black "Iskusnyh, Sergei"]
[Result "1-0"]
[WhiteTitle ""]
[BlackTitle ""]
[WhiteElo "2525"]
[BlackElo "2443"]
[WhiteFideId "46626786"]
[BlackFideId "4120027"]
[EventDate "2023.02.03"]

1. d4 d5 2. c4 c6 3. Nc3 Nf6 4. e3 e6 5. Nf3 a6 6. b3 Bb4 7. Bd2 Nbd7 8. Bd3 Bd6
9. O-O O-O 10. e4 dxc4 11. bxc4 e5 12. c5 Bc7 13. Na4 exd4 14. h3 Re8 15. Qc2
Nf8 16. e5 Nd5 17. Rae1 h6 18. Qc1 Re6 19. Bf5 Re7 20. Bd3 Ba5 21. Nxd4 Nf4 22.
Nxc6 bxc6 23. Bxa5 Nxh3+ 24. gxh3 Qxd3 25. Re3 Qb5 26. Nb6 Rb8 27. Bd2 Bf5 28.
a4 Qxf1+ 29. Qxf1 Rd8 30. Bc3 Ne6 31. Qxa6 Nxc5 32. Qc4 Nd3 33. a5 1-0

[Event "Airthings Masters - Torneo Preliminare"]
[Site "Internet"]
[Date "03.02.2023"]
[Round "7"]
[White "Chirila, Ioan-Cristian"]
[Black "Narayanan, Srinath"]
[Result "1-0"]
[WhiteTitle ""]
[BlackTitle ""]
[WhiteElo "2543"]
[BlackElo "2559"]
[WhiteFideId "1211668"]
[BlackFideId "5018420"]
[EventDate "2023.02.03"]

1. d4 d5 2. c4 dxc4 3. e4 e5 4. Nf3 Bb4+ 5. Bd2 Bxd2+ 6. Nbxd2 exd4 7. Bxc4 Nc6
8. Nb3 Qe7 9. O-O Nf6 10. Nbxd4 Nxd4 11. Qxd4 Be6 12. e5 Nd7 13. Bxe6 Qxe6 14.
Rad1 h6 15. Qb4 b6 16. Nd4 Qxa2 17. Qb5 Qa5 18. Qc6 O-O 19. Qxd7 Qxe5 20. Rfe1
Qc5 21. Nc6 Kh8 22. h3 a5 23. Re7 Qc2 24. Ne5 Qxb2 25. Nxf7+ Kg8 26. Nxh6+ Kh7
27. Nf5 Qf6 28. Rxg7+ Kh8 29. Rh7+ Kg8 30. Nh6+ 1-0

[Event "Airthings Masters - Torneo Preliminare"]
[Site "Internet"]
[Date "03.02.2023"]
[Round "7"]
[White "Omelja, Artem"]
[Black "Shimanov, Aleksandr"]
[Result "0-1"]
[WhiteTitle ""]
[BlackTitle ""]
[WhiteElo "2437"]
[BlackElo "2581"]
[WhiteFideId "14119846"]
[BlackFideId "4198603"]
[EventDate "2023.02.03"]

1. e4 d5 2. exd5 Qxd5 3. Nc3 Qe5+ 4. Be2 Bg4 5. d4 Bxe2 6. Ngxe2 Qa5 7. O-O Nf6
8. f3 Nc6 9. Be3 O-O-O 10. b4 Qxb4 11. Rb1 Qc4 12. Qe1 e6 13. Qf2 Bb4 14. Ne4
Nd5 15. c3 Be7 16. Nf4 g5 17. Nxd5 Rxd5 18. Rfc1 Rhd8 19. Nd2 Qd3 20. c4 Rxd4
21. Rb3 Qf5 22. Bxd4 Nxd4 23. Re3 Bc5 24. Ne4 Be7 25. Rd3 e5 26. c5 c6 27. Ra3
a6 28. Rb1 g4 29. Qb2 Nb5 30. Re3 gxf3 31. a4 Qf4 32. Rxf3 Qxe4 33. axb5 Bxc5+
34. Kh1 Rd2 35. Qb3 axb5 36. Rc1 f5 37. Qc3 Qe2 38. Rg3 Rd1+ 0-1

[Event "Airthings Masters - Torneo Preliminare"]
[Site "Internet"]
[Date "03.02.2023"]
[Round "7"]
[White "Fedoseev, Vladimir3"]
[Black "Grover, Sahaj"]
[Result "1-0"]
[WhiteTitle ""]
[BlackTitle ""]
[WhiteElo "2674"]
[BlackElo "2509"]
[WhiteFideId "24130737"]
[BlackFideId "5021103"]
[EventDate "2023.02.03"]

1. g4 h5 2. g5 e5 3. d4 d5 4. dxe5 Nc6 5. Nf3 Bf5 6. c3 Qd7 7. Bf4 Nge7 8. e3 h4
9. Nbd2 Ng6 10. Qa4 Rb8 11. Bb5 a6 12. Bxc6 bxc6 13. O-O-O Rb6 14. Nc4 Rb5 15.
e6 Qxe6 16. Nd4 Qe4 17. Nd2 Qd3 18. Qxa6 Bb4 19. Nxf5 O-O 20. Nd4 Bxc3 21. Nxb5
Rb8 22. Nb3 Qc4 23. Nxc7 1-0

[Event "Airthings Masters - Torneo Preliminare"]
[Site "Internet"]
[Date "03.02.2023"]
[Round "7"]
[White "Grischuk, Alexander"]
[Black "Andreikin, Dmitry"]
[Result "1/2-1/2"]
[WhiteTitle ""]
[BlackTitle ""]
[WhiteElo "2745"]
[BlackElo "2729"]
[WhiteFideId "4126025"]
[BlackFideId "4158814"]
[EventDate "2023.02.03"]

1. e4 c5 2. Nf3 e6 3. d4 cxd4 4. Nxd4 a6 5. c4 Nf6 6. Nc3 Bb4 7. Qd3 d5 8. exd5
exd5 9. Be2 O-O 10. O-O Nc6 11. Nxc6 bxc6 12. Bg5 Be6 13. cxd5 cxd5 14. Bf3 Bxc3
15. Qxc3 Rb8 16. Qd4 h6 17. Bf4 Qb6 18. Be5 Qxd4 19. Bxd4 Ne4 20. Be2 a5 21.
Rac1 Nd6 22. b3 Rfe8 23. Rfd1 Nf5 24. Be5 Rb7 25. Bd3 Bd7 26. Bc3 Ra8 27. h3 a4
28. Bc2 axb3 29. Bxb3 Ne7 30. Rd2 Ba4 31. Bxd5 Nxd5 32. Rxd5 Bd7 33. Ra5 Rc8 34.
Bd2 Rxc1+ 35. Bxc1 Rb1 36. Rc5 Ra1 37. a3 g5 38. Rc3 Kh7 39. Kh2 Kg6 40. Be3 Ra2
41. Bc5 Be6 42. Rd3 Rc2 43. Be3 Ra2 44. Bc5 Rc2 45. Be3 Ra2 46. Bc5 1/2-1/2

[Event "Airthings Masters - Torneo Preliminare"]
[Site "Internet"]
[Date "03.02.2023"]
[Round "7"]
[White "Kravtsiv, Martyn"]
[Black "Vokhidov, Shamsiddin"]
[Result "1/2-1/2"]
[WhiteTitle ""]
[BlackTitle ""]
[WhiteElo "2598"]
[BlackElo "2601"]
[WhiteFideId "14113147"]
[BlackFideId "14204223"]
[EventDate "2023.02.03"]

1. e4 e5 2. Nf3 Nc6 3. Nc3 Nf6 4. a4 Bb4 5. Bd3 O-O 6. O-O Re8 7. Re1 Bc5 8. Nd5
d6 9. c3 a5 10. Bc4 h6 11. d3 Nxd5 12. Bxd5 Ne7 13. Ba2 Ng6 14. Be3 Bxe3 15.
Rxe3 Be6 16. Bxe6 Rxe6 17. d4 Qe8 18. g3 exd4 19. Qxd4 Ne5 20. Nxe5 Rxe5 21. c4
b6 22. b3 Qe7 23. Rae1 Re8 24. Kg2 f6 25. Qd3 Kh8 26. h4 Qd7 27. Qd4 Qc6 28. f3
Qd7 29. Qd3 R8e7 30. Qd4 Qe8 31. Qd3 h5 32. Kf2 R5e6 33. Qd5 Kh7 34. Qd3 Kg8 35.
Qd5 Kh8 36. R1e2 Re5 37. Qd3 Qc6 38. Re1 Qc5 39. Kg2 Qc6 40. R3e2 Qe8 41. Kf2
Kg8 42. Re3 Kh8 43. R1e2 Qd7 44. Re1 Qh3 45. Qf1 Qd7 46. Qe2 f5 47. f4 Rxe4 48.
Qxh5+ Kg8 49. Rxe4 fxe4 50. Qd5+ Kh8 51. Rxe4 Rxe4 52. Qxe4 Qh3 53. f5 Kg8 54.
Qe8+ Kh7 55. Qe4 Kg8 56. Qf3 Kf7 57. Qh5+ Kg8 58. Qe8+ Kh7 59. Qg6+ Kh8 60. f6
Qh2+ 61. Ke3 Qg1+ 62. Kf4 Qf2+ 63. Kg4 Qe2+ 64. Kh3 Qf1+ 65. Kg4 Qe2+ 66. Kg5
Qe5+ 67. Kg4 Qe2+ 1/2-1/2